Ganadores Red Bull Batalla España - Estadísticas

Estadísticas generales
  • Esta prueba ha sido intentada 263 veces
    65 desde el último reinicio
  • La puntuación promedio es 15 de 18
Estadísticas de respuestas
Año MC % Correcto
2009 Arkano
98%
2015 Arkano
98%
2018 Bnet
98%
2025 Bnet
98%
2021 Gazir
96%
2024 Gazir
96%
2013 Chuty
95%
2017 Chuty
95%
2023 Chuty
95%
2016 Skone
91%
2020 Skone
91%
2019 Zasko
84%
2022 Blon
82%
2014 Invert
81%
2007 Noult
67%
2008 Piezas
60%
2006 Rayden
47%
2005 Zatu
37%
No se encontraron pruebas coincidentes
Distribución de puntuación
Porcentaje de gente con cada puntuación
Porcentaje por número respondido
Historial de tus puntuaciones
No has intentado esta prueba desde el último reinicio